000 00536nam a22001577a 4500
008 230628b |||||||| |||| 00| 0 eng d
020 _a978-81-88060-77-1
040 _aNational Science Library
_cNational Science Library
080 _a321.7:351.745(540)
_bQ1
100 1 _aTaneja, Pushplata
_912482
245 _aभारतीय प्रजातंत्र और पुलिस
246 _aBhartiya prajaatantr aur police
_hHindi
260 _aNew Delhi:
_bSunil Sahitya Sadan,
_c2011
300 _a143p.
942 _2udc
_cBK
999 _c48265
_d48265